000 00256nam a2200109Ia 4500
005 20251222114338.0
008 251222s1900||||xx |||||||||||||| ||spa||
082 _aDVD0093/T34/2000
245 0 _aAl encuentro con Jesús
264 _bTele San Juan
942 _cDVD
999 _c759
_d759